| 000 | 01027nas a2200301 4500 | ||
|---|---|---|---|
| 001 | BR0403190 | ||
| 003 | BR-BrBNA | ||
| 005 | 20231205104628.0 | ||
| 007 | ta | ||
| 008 | 230509b bl.|||p| |||| 00| 00por d | ||
| 040 |
_aBR-BrBNA _bpor _cBiblioteca Nacional de Agricultura |
||
| 041 | _a(Pt) | ||
| 072 | _aF62; K10 | ||
| 100 | 1 | _aBarbosa, A.P. | |
| 100 | 1 | _aCampos, M.A.A. | |
| 100 | 1 | _aSampaio, P. de T.B. | |
| 100 | 1 | _aNakamura, S. | |
| 100 | 1 | _aGonçalves, C. de Q.B. | |
| 245 | 1 | _aO crescimento de duas espécies florestais pioneiras, pau-de balsa (Ochroma lagopus Sw.)e caroba (Jacaranda copaia D. Don), usadas para recuperação de áreas degradadas pela agricultura na Amazônia central, Brasil | |
| 650 | _aPAU-DE-BALSA | ||
| 650 | _aJACARANDÁ | ||
| 650 | _aCRESCIMENTO | ||
| 650 | _aREFLORESTAMENTO | ||
| 650 | _aAMAZÔNIA | ||
| 773 | 0 |
_tActa Amazônica (Brazil) _xISSN 0044-5967 _g(Jul-Sep 2003), v. 33(3) p. 477-482 _wBR0403190 |
|
| 909 |
_a202311 _bLúcia _c55 _dLúcia Elande |
||
| 942 |
_2AGRIS _n0 _cANA |
||
| 999 |
_c179030 _d179030 |
||